000 00341 a2200145 4500
001 155926
040 _cEscola São Tomás de Aquino
100 _aSTERN, Iris
240 1 0 _aSobrevivendo à grande extinção
_lpor
245 1 0 _aSobrevivendo à grande extinção
300 _a96
362 0 _a2002
697 _aCIÊNCIAS
942 _cBK
999 _c155926
_d155926